Szczegóły MARC21

Modelling for financial decisions : proceedings of the 5th meeting of the EURO working group on "Financial Modelling" held in Catania, 20-21 April, 1989 /

003 -Nazwa inst., której nr kontr. jest w polu 001 [,]
    • @
    • Nazwa instytucji, której n kontrolny jest w polu 001
    • NUKAT
005 -DATA I CZAS OSTATNIEJ MODYFIKACJI [,]
    • @
    • pole kontrolne
    • 20241231101405.0
020 -Międzynarod. znormalizowany nr książki - ISBN [ , ]
    • a
    • Numer ISBN
    • 9783642767630 Find
020 -Międzynarod. znormalizowany nr książki - ISBN [ , ]
    • a
    • Numer ISBN
    • 9783642767616 Find
    • q
    • Dopowiedzenie
    • e-ISBN
040 -Instytucja sporządzająca opis [ , ]
    • a
    • Instytucja, która sporządziła opis (NP)
    • WA 14/MK
    • c
    • Instytucja, która sporządziła rekord (NP)
    • WA 14/MK
    • d
    • Instytucja, która zmodyfikowała rekord (P)
    • SZCZ U/JS
942 -Rodzaj dokumentu [ , ]
    • c
    • Rodzaj dokumentu
    • Książka
245 -Strefa tytułu i oznaczenia odpowiedzialności [0,0]
    • a
    • Tytuł
    • Modelling for financial decisions : Find
    • b
    • Ciąg dalszy tytułu (NP)
    • proceedings of the 5th meeting of the EURO working group on "Financial Modelling" held in Catania, 20-21 April, 1989 / Find
    • c
    • Pozostałe elementy strefy tytułu i oznaczenia odpowiedzialności (NP)
    • Jaap Spronk, Benedetto Matarazzo (eds.) ; in cooperation with the editorial board of the Rivista di Matematica per le Scienze Economiche e Sociali.
260 -Strefa adresu wydawniczego [ , ]
    • a
    • Miejsce wydania (P)
    • Berlin [etc.] :
    • b
    • Nazwa wydawcy (P)
    • Springer-Verlag,
    • c
    • Data wydania (P)
    • [2012].
300 -Strefa opisu fizycznego [ , ]
    • a
    • Określenie formy książki i/lub objętość (NP)
    • 245 s. :
    • b
    • Oznaczenie ilustracji (NP)
    • il. ;
    • c
    • Format (NP)
    • 25 cm.
336 -Typ zawartości [ , ]
    • a
    • Termin opisujący typ zawartości
    • Tekst
    • b
    • Kod określający zawartość
    • txt
    • 2
    • Źródło (terminu i kodu)
    • rdacontent
337 -Typ mediów [ , ]
    • a
    • Tryb odtwarzania
    • Bez urządzenia pośredniczącego
    • b
    • Kod typu mediów
    • n
    • 2
    • Źródło (terminu i kodu)
    • rdamedia
338 -Typ/rodzaj nośnika [ , ]
    • a
    • Hasło opisujące typ nośnika
    • Wolumin
    • b
    • Kod typu nośnika
    • nc
    • 2
    • Źródło (terminu i kodu)
    • rdacarrier
490 -Strefa serii i książki wielotomowej - forma nie do wyszukiwania [1, ]
    • a
    • Tytuł (P)
    • Studies in Financial Modelling Find
830 -Hasło dodatkowe serii i opisu książki wielotomowej - tytuł ujednolicony/tytuł [ ,0]
    • a
    • Tytuł ujednolicony/tytuł (NP)
    • Studies in Financial Modelling
    • 9
    • KHW
    • 71075
500 -Uwaga ogólna [ , ]
    • a
    • Uwaga ogólna (NP)
    • Publikowane pierwotnie w "Rivista di matematica per le scienze economiche e sociali", Vol. 12, No 1, 1989.
500 -Uwaga ogólna [ , ]
    • a
    • Uwaga ogólna (NP)
    • Informacja o roku wyd. http://merlin.pl/Modelling-for-Financial-Decisions_Benedetto-Matarazzo-Jaap- Spronk/browse/product/1,1174538.html.
500 -Uwaga ogólna [ , ]
    • a
    • Uwaga ogólna (NP)
    • Na str. red.: Softcover reprint of the hardcover 1st edition 1991.
504 -Uwaga dot. bibliogr. załącznikowej [ , ]
    • a
    • Uwaga dot. bibliografii załącznikowej
    • Bibliogr. przy rozdz.
080 -Uniwersalna Klasyfikacja Dziesiętna [ , ]
    • 2
    • Identyfikator wydania tablic
    • UDC-P058
    • 9
    • UKD
    • 5620
    • a
    • Symbol klasyfikacji
    • 658.14/.17
    • b
    • Dopowiedzenie
    • Zagadnienia finansowe przedsiębiorstwa. Rozrachunek gospodarczy. Fundusz zakładowy.
    • 4
    • UKD2
    • 7641
    • x
    • Poddział wspólny
    • (061)
    • c
    • Dopowiedzenie poddz. wspólnego
    • (Wydawnictwa odnoszące się do konferencji, zjazdów itd. Sprawozdania z konferencji).
    • 4
    • UKD2
    • 7644
    • x
    • Poddział wspólny
    • =111
    • c
    • Dopowiedzenie poddz. wspólnego
    • =Język angielski.
980 -Symbol UKD [ , ]
    • a
    • UKD
    • 658.14/.17(061)=111
700 -Hasło dodatkowe - nazwa osobowa [1, ]
    • a
    • Nazwa osobowa (NP)
    • Spronk, Jaap. Find
    • e
    • Określenie rodzaju współpracy
    • Red.
    • 9
    • KHW
    • 71074
700 -Hasło dodatkowe - nazwa osobowa [1, ]
    • a
    • Nazwa osobowa (NP)
    • Matarazzo, Benedetto. Find
    • e
    • Określenie rodzaju współpracy
    • Red.
    • 9
    • KHW
    • 71073
710 -Hasło dodatkowe - nazwa ciała zbiorowego [2, ]
    • a
    • Nazwa ciała zbiorowego lub nazwa geograficzna jako pierwszy element (NP)
    • Springer-Verlag (Berlin).
    • 4
    • Kod relacji
    • pbl
    • 9
    • KHW
    • 54874
920 -ISBN [ , ]
    • a
    • ISBN
    • 978-3-642-76763-0 Find
920 -ISBN [ , ]
    • a
    • ISBN
    • 978-3-642-76761-6 Find
    • q
    • Dopowiedzenie
    • e-ISBN
Lokalizacja Data inwentaryzacji Sygnatura Numer inwentarzowy Status udost.
T2014-03-12T.15411T.15411-2